000 00641nam 22002053 4500
001 200884
010 _a978-989-8166-03-6
021 _aPT
_b292768/09
090 _a200884
100 _a20260302d u||y0pory50 ba
101 _apor
200 _aO Ponto
_fPeter H. Reynolds
_gTradução de Miguel Gouveia
210 _aFigueira da Foz
_cBruaá Editora
_d2009
215 _a32 p. : il.
_cEncadernado
_d20 x 21 cm
606 _91222
_aLiteratura Infantil Canadiana
675 _a821.111(71)-93/REY/PON
_vPT
_zpor
700 _91267
_aReynolds
_bPeter H.
_f1961-
801 _aPT
_bBMMN
_gRPC
830 _cCarlos Pinto
_d02-03-2026
_fCarlos Pinto
990 _cLIVROS